|
|
|
|
| LEADER |
00000nam0a2200000 4500 |
| 001 |
301833 |
| 005 |
20250423140833.0 |
| 035 |
|
|
|a (RuTPU)RU\TPU\book\327010
|
| 090 |
|
|
|a 301833
|
| 100 |
|
|
|a 20150814d1982 k y0rusy5003 ca
|
| 101 |
0 |
|
|a rus
|
| 102 |
|
|
|a RU
|
| 105 |
|
|
|a a z 001zy
|
| 200 |
1 |
|
|a Тектоника регионов
|e сборник научных статей
|f Всероссийский научно-исследовательский геологический институт им. А. П. Карпинского (ВСЕГЕИ) ; под ред. А. А. Смыслова
|
| 210 |
|
|
|a Ленинград
|c Изд-во ВСЕГЕИ
|d 1982
|
| 215 |
|
|
|a 123 с.
|c ил.
|
| 225 |
1 |
|
|a Труды Всесоюзного научно-исследовательского геологического института (ВСЕГЕИ)
|a Т. 311
|
| 225 |
1 |
|
|a Новая серия
|
| 320 |
|
|
|a Библиогр. в конце ст.
|
| 500 |
1 |
0 |
|a Труды Всесоюзного научно-исследовательского геологического института
|9 88882
|
| 606 |
1 |
|
|a Тектоника
|2 stltpush
|3 (RuTPU)RU\TPU\subj\58770
|9 76521
|
| 610 |
1 |
|
|a СССР
|
| 610 |
1 |
|
|a регионы
|
| 610 |
1 |
|
|a история
|
| 610 |
1 |
|
|a развитие
|
| 610 |
1 |
|
|a древние платформы
|
| 610 |
1 |
|
|a Сибирская платформа
|
| 610 |
1 |
|
|a докембрий
|
| 675 |
|
|
|a 551.24
|v 4
|
| 702 |
|
1 |
|a Смыслов
|b А. А.
|4 340
|
| 712 |
0 |
2 |
|a Всероссийский научно-исследовательский геологический институт им. А. П. Карпинского (ВСЕГЕИ)
|c (Санкт-Петербург)
|c (1991- )
|3 (RuTPU)RU\TPU\col\414
|
| 801 |
|
0 |
|a RU
|b RuMRKP
|c 19950704
|g psbo
|
| 801 |
|
1 |
|a RU
|b 63413507
|c 20150814
|
| 801 |
|
2 |
|a RU
|b 63413507
|c 20170809
|g RCR
|
| 850 |
|
|
|a 63413507
|
| 942 |
|
|
|c CR
|